000 00346nam a22001097a 4500
005 20241114093640.0
008 241114b |||||||| |||| 00| 0 eng d
245 _aCrossroads
_bReadings in the Social Problems
_cEditor: Tiemann Kathleen A.
260 _a Buston, USA
_bPearson Custom Publishing
_c2001
300 _a70 pages
_c22 cm
942 _2lcc
_cBK
_n0
999 _c1165
_d1165